000 03489nam0a2200481 4500
001 RU\NLR\bibl\1758509
005 20260406050110.0
010 _a978-5-9558-0190-2
_bВузовский учебник
010 _a978-5-16-004639-6
_bИНФРА-М
_91500
021 _aRU
_b2011-21562
_91522
035 _a(nilc)RSL-KNO-004921119
035 _aKML\BIBL\0000019567
035 _a(NLR Aleph) 001749334
090 _a1508856
_c1508856
100 _a20110404d2011 |||y0rusy50 ca
101 0 _arus
102 _aRU
105 _aa |||||||||
200 1 _aИнновационный менеджмент
_eучебник
_eдля студентов высших учебных заведений, обучающихся по специальности 061100 "Менеджмент организации"
_f[д.э.н., проф. В.Я. Горфинкель, д.э.н.доц. Т.Г. Попадюк, д.э.н., проф.. Л.Я. Аврашков и др.]
_gпод ред. д.э.н., проф. В.Я. Горфинкеля, д.э.н., доц. Т.Г. Попадюк
205 _aИзд. 3-е, перераб. и доп.
210 _aМосква
_cВузовский учебник
_cИНФРА-М
_d2011
215 _a459, [1] с.
_cил.
_d22
225 1 _aВузовский учебник
_eВУ
300 _aАвт. указаны на 3-й с.
320 _aБиблиогр.: с. 455-456 (25 назв.)
330 _aРассматриваются возникновение, становление и основные черты инновационного менеджмента. Представлен инновационный процесс как основа экономического развития. Уделено внимание разработке программ и проектов нововведений, управлению инновационным проектом, государственному регулированию инновационной деятельностью, ее финансированию, управлению персоналом в инновационной организации, инновационному предпринимательству. Приведены примеры использования инновационных технологий в инновационном процессе. Для студентов высших учебных заведений, менеджеров и экономистов.
606 1 _aМенеджмент инновационный
_jУчебники для высших учебных заведений
_92086651
_3RU\NLR\auth\661262795
686 _aУ9(2)0-551.1-212я73-1
_2rubbk
686 _a009611
_aИнновационный менеджмент
_2TCC-BG
686 _aУ9(2)-55-21я73
686 _aУ5-55-21я73
701 1 _4070
_8rus
_7ca
_aГорфинкель
_bВ. Я.
_gВладимир Яковлевич
_3RU\NLR\auth\775630
_9115593
701 1 _aПопадюк
_bТ. Г.
_gТатьяна Геннадьевна
_4070
701 1 _4070
_8rus
_7ca
_aАврашков
_bЛ. Я.
_gЛев Яковлевич
_3RU\NLR\auth\775629
_9115592
801 0 _aRU
_bРКП
_c20110404
_grcr
801 1 _aRU
_bРГБ
_c20110404
801 2 _aRU
_bМурманская ГОУНБ
_c20110513
801 2 _aRU
_bNLR
_c20110413
_grcr
830 _aCODE_OF_LIBNET\000058557
942 _cBOOK
980 _aNB
980 _aNBR